| 000 | 00428nam a2200181Ia 4500 | ||
|---|---|---|---|
| 005 | 20250603145340.0 | ||
| 008 | 250603s9999 xx 000 0 und d | ||
| 020 | _a8131100235 | ||
| 050 | _aKF 2750 .P73/ | ||
| 100 | _aPrabhakar, Naval | ||
| 245 | 0 | _aMedia ethics and law | |
| 260 | _aNew Delhi | ||
| 260 | _bCommonwealth Publishers Pvt. Ltd. | ||
| 260 | _c2017 | ||
| 300 | _a312 p | ||
| 650 | _aNew Delhi | ||
| 942 | _cBK | ||
| 999 |
_c41600 _d41600 |
||